Fenomén politickej kultúry a jeho podoba na príklade Poľskej republiky
Základné teoretické vymedzenie pojmu „politická kultúra“. Definícia fenoménu politická kultúra. Genéza a základná štruktúra politickej kultúry. Klasifikácia politickej kultúry.Hlavná charakteristika a výzvy pre politickú kultúru v Poľsku.
Salvato in:
| Autore principale: | |
|---|---|
| Altri autori: | |
| Natura: | Capitolo di libro |
| Lingua: | slovacco |
| Soggetti: | |
| Tags: |
Nessun Tag, puoi essere il primo ad aggiungerne!!
|
MARC
| LEADER | 00000naa a2200000 4500 | ||
|---|---|---|---|
| 001 | 0259879 | ||
| 005 | 20241023140151.4 | ||
| 041 | 0 | |a slo | |
| 044 | |a SK | ||
| 245 | 1 | 0 | |a Fenomén politickej kultúry a jeho podoba na príklade Poľskej republiky |c Peter Ondria, Rastislav Malovec |
| 520 | |a Základné teoretické vymedzenie pojmu „politická kultúra“. Definícia fenoménu politická kultúra. Genéza a základná štruktúra politickej kultúry. Klasifikácia politickej kultúry.Hlavná charakteristika a výzvy pre politickú kultúru v Poľsku. | ||
| 610 | 2 | 0 | |a kultúra |
| 610 | 2 | 0 | |a politika |
| 610 | 2 | 0 | |a kultúra politická |
| 610 | 2 | 0 | |a strany politické |
| 610 | 2 | 0 | |a strany vládne |
| 610 | 2 | 0 | |a demokracia |
| 610 | 2 | 0 | |a Poľsko |
| 100 | 1 | |a Ondria, Peter | |
| 700 | 1 | |a Malovec, Rastislav | |